00307 a2200121 450000100060000002000180000604000220002424000340004624500290008030000080010936200090011765000590012661139 a9783468967900 cAnchieta - Pituba10aEine kleine deutschmusiklpor10aEine kleine deutschmusik a1120 a1983 4aLínguas germânicas (teutônicas) língua alemã